| 000 | 00850cam a22002411 4500 | ||
|---|---|---|---|
| 001 | 8260959 | ||
| 003 | OSt | ||
| 005 | 20230619130212.0 | ||
| 008 | 750212s1923 enkbf 000 0 eng | ||
| 010 | _a 24004797 | ||
| 035 | _a(OCoLC)1169250 | ||
| 040 |
_aDLC _cTxShA _dOCoLC _dDLC |
||
| 042 | _apremarc | ||
| 082 |
_a301.09 _bROS |
||
| 100 | 1 |
_aRoscoe, John, _d1861-1932. |
|
| 245 | 1 | 4 |
_aThe Banyankole; _bthe second part of the report of the Mackie Ethnological Expedition to Central Africa, _cby John Roscoe ... |
| 260 |
_aCambridge [Eng.] _bThe University Press, _c1923. |
||
| 300 |
_axii, 176 p. _bXXXI pl. (incl. front.) on 16 l., fold. map. _c23 cm. |
||
| 650 | 0 | _aNyankole (African people) | |
| 711 | 2 |
_aMackie Ethnological Expedition to Central Africa, _d1919-1920. |
|
| 906 |
_a7 _bcbc _coclcrpl _du _encip _f19 _gy-gencatlg |
||
| 942 |
_2ddc _cBK |
||
| 999 |
_c1298 _d1298 |
||